000 00510nam a22001937a 4500
003 MPLRDC
005 20220104125129.0
008 210129b ||||| |||| 00| 0 eng d
020 _a7-5439-2256-8
082 _a672.0969 SLX
100 _a宋路霞
245 _a回梦上海老洋房
_c
250 _a一版二刷
260 _a中国
_b上海科学技术文献出版社
_c2004
300 _b235
490 _a回梦百年上海系列
650 _a中国地方志--上海
942 _cBK
_o672.0969 SLX
999 _c24899
_d24889